Statistics for Former Flags

Click here to take the quiz!

General Stats

  • This quiz has been taken 20,145 times
  • The average score is 11 of 16

Answer Stats

Answer% Correct
United States
97%
Soviet Union
94%
Korean Empire
93%
China
86%
France
82%
East Germany
76%
Bangladesh
74%
Texas
74%
Libya
56%
Thailand
54%
Canada
52%
South Africa
51%
Ethiopia
49%
Tibet
41%
Spain
39%
Holy Roman Empire
36%

Score Distribution

Percentile by Number Answered

Percent of People with Each Score

Your Score History

You have not taken this quiz